Le commandeur Mendoza (moeurs andalouses) / (Record no. 164856)

MARC details
000 -LEADER
campo de control de longitud fija 00706nam a22001935i 4500
001 - NÚMERO DE CONTROL
campo de control 164856
003 - IDENTIFICADOR DE NÚMERO DE CONTROL
campo de control ES-MaACL
005 - FECHA Y HORA DE LA ÚLTIMA TRANSACCIÓN
campo de control 20231223063112.0
008 - DATOS DE LONGITUD FIJA--INFORMACIÓN GENERAL
campo de control de longitud fija 990406s1885 fr |||| | fre d
080 ## - NÚMERO DE LA CLASIFICACIÓN DECIMAL UNIVERSAL
Número de la Clasificación Decimal Universal 821.134.2-31"18"
100 1# - ENTRADA PRINCIPAL--NOMBRE DE PERSONA
Nombre de persona Valera, Juan,
Fechas asociadas al nombre 1824-1905
9 (RLIN) 112638
245 13 - MENCIÓN DEL TÍTULO
Título Le commandeur Mendoza (moeurs andalouses) /
Mención de responsabilidad, etc. par Juan Valera ; roman traduit du Castillan précédé d'une préface par Albert Savine.
250 ## - MENCION DE EDICION
Mención de edición Nouvelle éd.
260 ## - PUBLICACIÓN, DISTRIBUCIÓN, ETC.
Lugar de publicación, distribución, etc. Paris :
Nombre del editor, distribuidor, etc. E. Giraud et Cie.,
Fecha de publicación, distribución, etc. 1885 (
Lugar de fabricación/manufactura Tulle :
Fabricante Imp. Mazeyrie)
300 ## - DESCRIPCIÓN FÍSICA
Extensión XVI, 364 p. ;
Dimensiones 18 cm.
700 1# - ENTRADA AGREGADA--NOMBRE PERSONAL
Nombre de persona Savine, Albert.
9 (RLIN) 104073
852 ## - LOCALIZACIÓN
Ubicación ES-MaACL
Número de control de estantería D-2471
Nota libre - Enc. hol. conservando cub. original
Holdings
Estatus retirado Estado de pérdida Estado de daño No para préstamo Colección Biblioteca de origen Biblioteca actual Ubicación en estantería Fecha de adquisición Fuente de adquisición Total de préstamos Signatura topográfica completa Código de barras Visto por última vez Precio de reemplazo Tipo de ítem Koha
        Libros del s. XIX Biblioteca del Ateneo de Madrid Biblioteca del Ateneo de Madrid Sala Valle Inclán 17/01/2008     D-2471 901172817 23/02/2023 23/02/2023 Libro impreso antiguo